| 000 | 00613nam a22002057a 4500 | ||
|---|---|---|---|
| 003 | OSt | ||
| 005 | 20260423012738.0 | ||
| 008 | 260423b |||||||| |||| 00| 0 eng d | ||
| 020 | _a1-85604-512-9 | ||
| 040 |
_aDWC-Main Lib. _cOC |
||
| 082 |
_22nd _aRes. 346.0482 P123 2004 |
||
| 100 | _aPadfield, Tim | ||
| 245 |
_aCopyright for archivists and users of archives, _b2nd ed./ _cTim Padfield |
||
| 250 | _a2nd ed. | ||
| 260 |
_aLondon : _bfacet Publishing, _cc2004. |
||
| 300 |
_av, 270 p. : _c 23 cm. |
||
| 500 | _aIncludes index. | ||
| 650 | _a1. Copyright - archives. | ||
| 942 |
_2ddc _cBK-0 CIRC _hRes. _n0 |
||
| 999 |
_c9755 _d9755 |
||